003470000a22001330004500060000800000082001900008100002700027100001800054245001700072250000600089260005100095260000900146650005800155 a100 a581.020 2 GAR aGarg O P, Sabarwal R K aSivastava S K aBotany guide a7 aMeerut, Rajhans agencies, dharma-alok Ramnagar c1990 aBotany/plant kingdom/seed/root/stem/leaf/flower/fruit